000 00976nas a2200337 4500
001 BR2012000792
003 BR-BrBNA
005 20231205120113.0
007 ta
008 230509b bl.|||p| |||| 00| 00por d
040 _aBR-BrBNA
_bpor
_cBiblioteca Nacional de Agricultura
041 _a(En)
072 _aH20
100 1 _aHilarino, M.P.A.
100 1 _aSilveira, F.A. de O. e
100 1 _aOki, Y.
100 1 _aRodrigues, L.
100 1 _aSantos, J.C.
100 1 _aCorrêa Júnior, A.
100 1 _aFernandes, G.W.
100 1 _aRosa, C.A.
245 1 _aDistribution of the endophytic fungi community in leaves of Bauhinia brevipes (Fabaceae)
650 _aPLANTA
650 _aFUNGO
650 _aFOLHA
650 _aPHOMOPSIS
650 _aIDENTIFICAÇÃO
773 0 _tActa Botanica Brasilica (Brazil)
_xISSN 0102-3306
_g(Oct-Dec 2011), v. 25(4) p. 815-821
_wBR2012000792
909 _a202311
_bLúcia
_c55
_dLúcia Elande
942 _2AGRIS
_n0
_cANA
999 _c217065
_d217065